000 00286nam a22001337a 4500
008 181106b xxu||||| |||| 00| 0 eng d
020 _a01586577108
041 _aeng
080 _a541
100 _a12
101 _aKIM
245 _aQuantum Chemistru
_cDonald.A.M
942 _2udc
_cBK
999 _c51940
_d51940